| Tag |
First Indicator |
Second Indicator |
Subfields |
| LEADER |
00000cam a2200000 4500 |
| 001 |
in00000413641 |
| 005 |
20151012061611.0 |
| 008 |
750805s1950 mx af b 00010 spa |
| 010 |
|
|
|a 51000351
|
| 035 |
|
|
|a (OCoLC)01512528
|
| 035 |
|
|
|9 ABV5842AM
|
| 040 |
|
|
|c ISM
|d TXA
|d UtOrBLW
|
| 049 |
|
|
|a TXAM
|c [A09247630]
|
| 050 |
0 |
0 |
|a F1219
|b .N763
|
| 082 |
0 |
|
|a 972.011
|
| 100 |
1 |
|
|a Noguera, Eduardo.
|
| 245 |
1 |
3 |
|a El horizonte tolteca-chichimeca /
|c Eduardo Noguera.
|
| 264 |
|
1 |
|a Mexico :
|b Ediciones Mexicanas,
|c 1950.
|
| 300 |
|
|
|a 48 pages, 35 unnumbered pages of plates :
|b illustrations (some color) ;
|c 24 cm.
|
| 336 |
|
|
|a text
|b txt
|2 rdacontent
|
| 337 |
|
|
|a unmediated
|b n
|2 rdamedia
|
| 338 |
|
|
|a volume
|b nc
|2 rdacarrier
|
| 490 |
1 |
|
|a Enciclopedia mexicana de arte ;
|v 4
|
| 504 |
|
|
|a Bibliography: pages 45-48.
|
| 650 |
|
0 |
|a Toltecs.
|
| 650 |
|
0 |
|a Chichimecs.
|
| 651 |
|
0 |
|a Mexico
|x Antiquities.
|
| 830 |
|
0 |
|a Enciclopedia mexicana de arte ;
|v 4.
|
| 999 |
|
|
|a MARS
|
| 999 |
f |
f |
|s f3ba2493-179e-338b-8d00-036bc81d9474
|i 5fe7b667-fbfb-343c-a398-fb21263008bf
|t 0
|
| 952 |
f |
f |
|p ric
|a Texas A&M University
|b Rellis Campus
|c Joint Library Facility
|d Remote Storage
|t 0
|e F1219 .N763
|h Library of Congress classification
|i unmediated -- volume
|m A14809247630
|
| 998 |
f |
f |
|a F1219 .N763
|t 0
|l Remote Storage
|